Recommendations for Diocesan Commissions for Ecumenical Affairs

Bewaard in:
Bibliografische gegevens
Coauteur: The Bishops Commission for Ecumenical Affairs (Auteur)
Formaat: Boek
Taal:Engels
Gepubliceerd in: Washington, D.C Bishops Commission for Ecumenical Affairs 1966
Onderwerpen:
Tags: Voeg label toe
Geen labels, Wees de eerste die dit record labelt!

MARC

LEADER 00000nam a2200000 a 4500
001 UCH7459
003 CL-VaPUC
008 091112e19660300US |||||||||||||||||eng|d
082 0 4 |a 280.042  |b BIS  |2 21 
110 2 |a The Bishops Commission for Ecumenical Affairs  |e author  |9 543916 
245 1 0 |a Recommendations for Diocesan Commissions for Ecumenical Affairs 
300 |a 37 p 
942 |c BK 
945 |d 20091112 00:00:00  |a dcastane 
260 |a Washington, D.C  |b Bishops Commission for Ecumenical Affairs  |c 1966 
650 0 |a Ecumenismo  |9 255639 
583 |a last modification  |c 20091112 00:00:00  |k Rodrigo Vera 
999 |c 338055  |d 338053 
952 |0 0  |1 0  |4 0  |6 280_042000000000000_BIS_1966  |7 0  |8 A  |9 430853  |a BIBTEO  |b BIBTEO  |d 2019-11-22  |i 4611942  |o 280.042 BIS 1966  |p 4611942  |r 2025-01-17  |w 2019-11-22  |y BK  |k ICR